Statistics for TNA Impact Wrestling Champions by Year - 2018

Click here to take the quiz!

General Stats

  • This quiz has been taken 25 times
  • The average score is 11 of 19

Answer Stats

DateEventWrestler% Correct
October 14Bound for GloryJohnny Impact
90%
February 1ImpactAustin Aries
81%
March 29ImpactAustin Aries
81%
May 31Impact: Under PressureAustin Aries
81%
July 22SlammiversaryBrian Cage
76%
April 22RedemptionEli Drake
71%
April 22RedemptionScott Steiner
67%
March 8Impact: CrossroadsMatt Sydal
62%
January 25ImpactMatt Sydal
62%
April 22RedemptionPentagon Jr.
62%
March 15ImpactJosh Mathews
57%
August 30Impact: RedefinedTessa Blanchard
57%
March 8Impact: CrossroadsAllie
52%
June 21ImpactOrtiz
48%
May 31Impact: Under PressureSu Yung
43%
June 21ImpactSatana
38%
May 17ImpactAndrew Everett
29%
May 17ImpactDJZ
29%
January 4ImpactTaiji Ishimori
24%

Score Distribution

Percentile by Number Answered

Percent of People with Each Score

Your Score History

You have not taken this quiz